Sport - Les cols de 1ère catégorie et H.C. du Tour de France - Expert - Statistiques

Statistiques générales
  • Ce quiz a été pris 280 fois
    103 depuis la dernière actualisation
  • Le résultat moyen est 65 sur 156
Statistiques - réponses
Massif Département
Altitude
maxi
Nom % Correct
Alpes Hautes-Alpes / Savoie 2645 Galibier
93%
Alpes Savoie 2770 Iseran
89%
Pyrénées Hautes-Pyrénées 2115 Le Tourmalet
87%
Alpes Vaucluse 1912 Mont Ventoux
86%
Alpes Savoie 2067 Croix-de-Fer
83%
Massif central Puy-de-Dôme 1415 Puy-de-Dôme
83%
Alpes Hautes-Alpes 2360 Izoard
82%
Alpes Alpes-Maritimes / Alpes-de-Haute-Provence 2802 La Bonette
82%
Alpes Savoie 2304 La Loze
82%
Alpes Savoie 2000 La Madeleine
80%
Alpes Isère 1860 Alpe d'Huez
79%
Jura Ain 1498 Grand Colombier
77%
Alpes Isère 1326 Porte
77%
Pyrénées Hautes-Pyrénées 1490 Aspin
75%
Alpes Savoie 1924 Glandon
75%
Alpes Hautes-Alpes / Alpes-de-Haute-Provence 2109 Vars
73%
Pyrénées Pyrénées-Atlantiques 1709 Aubisque
72%
Alpes Haute-Savoie 1117 Cou
72%
Vosges Haute-Saône / Territoire-de-Belfort 1140 Planche des Belles filles
72%
Pyrénées Ariège 1780 Plateau de Beille
72%
Jura Savoie 1496 Mont du Chat
70%
Alpes Haute-Alpes 2413 Granon
68%
Pyrénées Hautes-Pyrénées 1509 Hautacam
68%
Pyrénées Hautes-Pyrénées 2215 Portet
68%
Alpes Savoie 2089 Tignes
68%
Alpes Hautes-Alpes / Italie 2744 Agnel
66%
Vosges Haut-Rhin 1353 Grand Ballon
66%
Alpes Hautes-Alpes 2058 Lautaret
66%
Pyrénées Hautes-Pyrénées / Haute-Garonne 1569 Peyresourde
66%
Alpes Haute-Savoie 1613 Colombière
65%
Alpes Italie / Savoie 2188 Petit Saint-Bernard
65%
Alpes Savoie 1566 Télégraphe
65%
Alpes Alpes-Maritimes 1607 Turini
65%
Alpes Savoie 2365 Val Thorens
65%
Alpes Isère 1730 Chamrousse
61%
Alpes Haute-Savoie 1691 Joux Plane
61%
Pyrénées Hautes-Pyrénées 1715 Luz-Ardiden
61%
Pyrénées Hautes-Pyrénées / Haute-Garonne 1645 Peyragudes
61%
Vosges Haut-Rhin 1163 Petit Ballon
59%
Pyrénées Hautes-Pyrénées 1474 Soulor
59%
Vosges Vosges 1174 Ballon d'Alsace
58%
Alpes Savoie 1650 Saisies
58%
Alpes Alpes-Maritimes 1900 Isola 2000
56%
Pyrénées Hautes-Pyrénées 1680 Pla d'Adet | Saint-Lary-Soulan
56%
Alpes Savoie 1703 Pré
56%
Jura Ain 1310 La Biche
55%
Alpes Savoie 2083 Mont-Cenis
55%
Pyrénées Haute-Garonne 1800 Superbagnères
55%
Alpes Alpes-de-Haute-Provence 2247 Allos
54%
Alpes Haute-Savoie 1487 Aravis
54%
Alpes Savoie 1970 La Plagne
54%
Alpes Italie / Alpes-Maritimes 2351 Lombarde
54%
Pyrénées Pyrénées-Atlantiques 1035 Marie-Blanque
54%
Alpes Haute-Savoie 1297 Romme
54%
Pyrénées Hautes-Pyrénées / Haute-Garonne 1755 Balès
52%
Alpes Savoie 2000 Courchevel
52%
Massif central Cantal 1589 Pas de Peyrol
52%
Alpes Alpes-Maritimes 1678 Couillole
51%
Vosges Vosges / Haut-Rhin 1183 Markstein
51%
Pyrénées Ariège 2001 Pailhères
51%
Pyrénées Pyrénées-Atlantiques 1760 La Pierre Saint-Martin
49%
Pyrénées Haute-Garonne 1349 Menté
49%
Alpes Savoie 1968 Roselend
49%
Alpes Haute-Savoie 1390 Glières
48%
Alpes Haute-Savoie 1157 La Forclaz
48%
Alpes Hautes-Alpes 1854 Montgenèvre
48%
Alpes Haute-Savoie 1450 Semnoz
48%
Alpes Alpes-Maritimes 1500 Colmiane
46%
Alpes Savoie 1134 Granier
46%
Alpes Alpes-Maritimes / Alpes-de-Haute-Provence 2326 La Cayolle
45%
Alpes Haute-Savoie 1850 Avoriaz
44%
Pyrénées Hautes-Pyrénées 1564 Hourquette d'Ancizan
44%
Alpes Savoie 1723 Bisanne
42%
Alpes Haute-Savoie 1477 Croix-Fry
42%
Alpes Italie / Savoie 1855 La Rosière
42%
Pyrénées Ariège 1372 Ax-3-domaines
41%
Pyrénées Hautes-Pyrénées 1580 Azet
41%
Alpes Haute-Savoie 1120 Feu
41%
Pyrénées Pyrénées-Atlantiques 1540 Soudet
41%
Alpes Savoie 1820 Val-d'Isère
41%
Pyrénées Ariège 1570 Agnes
39%
Alpes Savoie 1705 La Toussuire
39%
Alpes Isère 1644 Les Deux Alpes
39%
Pyrénées Ariège 2408 Port d'Envalira
39%
Alpes Alpes-Maritimes 2087 Champs
38%
Alpes Haute-Savoie 1619 La Ramaz
38%
Pyrénées Espagne / Haute-Garonne 1292 Le Portillon
38%
Pyrénées Ariège 1517 Lers
38%
Alpes Savoie 1700 Les Arcs
38%
Pyrénées Ariège 1395 La Core
37%
Pyrénées Espagne / Pyrénées-Atlantiques 1794 Le Pourtalet
37%
Vosges Haut-Rhin 1177 Platzerwasel
37%
Alpes Hautes-Alpes 1855 Risoul
37%
Alpes Hautes-Alpes 1664 Noyer
35%
Alpes Hautes-Alpes 1825 Orcières Merlette
35%
Pyrénées Hautes-Pyrénées 1378 Spandelles
35%
Pyrénées Hautes-Pyrénées 1320 Cauterets
34%
Pyrénées Espagne / Pyrénées-Atlantiques 1573 Larrau
34%
Pyrénées Ariège 1375 Péguère
34%
Alpes Haute-Savoie 1660 Joux Verte
32%
Pyrénées Hautes-Pyrénées 1800 Piau-Engaly
30%
Alpes Savoie 1500 Revard
30%
Alpes Isère 1139 Cucheron
28%
Massif central Gard 1351 La Lusette
28%
Alpes Alpes-de-Haute-Provence 1620 Pra-Loup
28%
Alpes Haute-Savoie 1345 Salève
28%
Pyrénées Espagne / Pyrénées-Atlantiques 1640 Somport
28%
Alpes Savoie 1533 Chaussy
27%
Pyrénées Aude / Pyrénées-Orientales 1513 Jau
27%
Pyrénées Pyrénées-Atlantiques 1440 La Hourcère
27%
Pyrénées Pyrénées-Atlantiques 1327 Bagargui
25%
Vosges Haute-Saône 914 Chevrères
25%
Pyrénées Ariège 1515 Guzet-Neige
25%
Alpes Savoie 1800 Les Menuires
25%
Pyrénées Pyrénées-Orientales 1560 Mont-Louis
25%
Alpes Suisse / Haute-Savoie 1369 Morgins
25%
Pyrénées Ariège 1211 Albis
24%
Alpes Savoie 1188 Grand Cucheron
24%
Pyrénées Ariège 1110 Latrape
24%
Pyrénées Pyrénées-Atlantiques 1135 Burdincurutcheta
21%
Alpes Haute-Savoie 947 L'Epine | Epine
21%
Pyrénées Ariège 1432 Portel
21%
Alpes Haute-Savoie 1400 Saint-Gervais-Mont-Blanc
21%
Alpes Isère 1980 Les-Sept-Laux | Pleynet | Prapoutel
20%
Jura Ain 1174 La Selle de Fromentel
20%
Alpes Var 511 Mont-Faron
20%
Alpes Isère 1180 Saint-Nizier-du-Moucherotte
20%
Alpes Haute-Savoie 960 Saxonnex
20%
Massif central Haute-Loire 1190 Peyrataillade
18%
Alpes Isère 1434 Coq
17%
Alpes Hautes-Alpes 1268 Manse
15%
Alpes Alpes-Maritimes 1500 Saint-Martin
15%
Alpes Drôme 1146 Echarasson
14%
Jura Jura 1202 La Combe de Laisia
14%
Alpes Isère 910 Laffrey
14%
Alpes Isère 1154 Palaquit
14%
Massif central Haute-Loire 802 Aurec-sur-Loire
13%
Jura Ain 780 Berthiand
13%
Vosges Bas-Rhin 1100 Champ du feu
13%
Alpes Savoie 1639 Hauteville
13%
Alpes Isère 1235 Luitel
13%
Massif central Aveyron 1058 Naves d'Aubrac
13%
Massif central Loire 1163 Croix de l'homme mort
11%
Vosges Bas-Rhin 1030 Struthof
11%
Alpes Isère 1160 La Ruchère
10%
Alpes Hautes-Alpes 1614 Serre-Eyraud
10%
Massif central Puy-de-Dôme 1078 Ceyssat
7%
Alpes Savoie 1118 Champlaurent
7%
Alpes Vaucluse 998 La Liguière
4%
Alpes Isère 689 Montaud
4%
Alpes Drôme 1140 Tourniol
4%
Alpes Hautes-Alpes 1560 Chaillolet
1%
Massif central Ardèche 1320 Lachamp
1%
Massif central Aveyron 835 Le Cade
1%
Massif central Loire 1220 Oeillon
1%
Alpes Drôme 1350 Chalimont
0%
Aucun quiz correspondant
Distribution des résultats
% des personnes avec chaque résultat
Percentile par nombre de réponses
Votre historique - résultats
Vous n’avez pas pris ce quiz depuis la dernière actualisation